Envases sostenibles en Bolívar : fusión innovadora entre almidón de ñame, ácido poliláctico y aceite de sésamo /

Saved in:
書目詳細資料
主要作者: Ortega Toro, Rodrigo (autor.)
其他作者: González Cuello, Rafael (autor.), Marsiglia Fuentes, Ronald (autor.), Badrán Muñoz, Nacira (Editor)
格式: 電子書
語言:西班牙语
出版: Cartagena : Editorial Universidad de Cartagena, 2025.
主題:
在線閱讀:https://elibro.unach.elogim.com/es/lc/unach/titulos/289706
標簽: 添加標簽
沒有標簽, 成為第一個標記此記錄!

MARC

LEADER 00000nam a2200000 i 4500
001 ELB289706
003 FINmELB
005 20251222120104.0
006 m o u
007 cr cn|||||||||
008 251222s2025 ck ob 000 0 spa d
020 |z 9786287798151 
035 |a (OCoLC)1564683712 
040 |a FINmELB  |b spa  |e rda  |c FINmELB 
050 1 4 |a HF5770  |b O772 2025 
080 |a 621.798.1 
082 0 4 |a 658.78844  |2 23 
100 1 |a Ortega Toro, Rodrigo,  |e autor. 
245 1 0 |a Envases sostenibles en Bolívar :  |b fusión innovadora entre almidón de ñame, ácido poliláctico y aceite de sésamo /  |c Rodrigo Ortega Toro, Rafael González Cuello y Ronald Marsiglia Fuentes ; Nacira Badrán Muñoz, editora. 
264 1 |a Cartagena :  |b Editorial Universidad de Cartagena,  |c 2025. 
300 |a 1 recurso en línea (190 páginas) 
336 |a texto  |b txt  |2 rdamedia/spa 
337 |a computadora  |b c  |2 rdamedia/spa 
338 |a recurso en línea  |b cr  |2 rdacarrier/spa 
504 |a Contiene bibliografía. 
588 |a Descripción basada en metadatos suministrados por el editor y otras fuentes. 
590 |a Recurso electrónico. Santa Fe, Arg.: elibro, 2025. Disponible vía World Wide Web. El acceso puede estar limitado para las bibliotecas afiliadas a elibro. 
650 4 |a Envases. 
650 4 |a Plásticos biodegradables. 
650 4 |a Almidón de ñame. 
650 4 |a Desarrollo sostenible. 
655 4 |a Libros electrónicos. 
700 1 |a González Cuello, Rafael,  |e autor. 
700 1 |a Marsiglia Fuentes, Ronald,  |e autor. 
700 1 |a Badrán Muñoz, Nacira,  |e editor. 
797 2 |a elibro, Corp. 
856 4 0 |u https://elibro.unach.elogim.com/es/lc/unach/titulos/289706